[Event "EU-ch U16 26th"]
[Site "Prague"]
[Date "2016.08.19"]
[Round "2"]
[White "Danek, Daniel"]
[Black "Bauer, Miroslav"]
[Result "1-0"]
[WhiteElo "1970"]
[BlackElo "1327"]
[PlyCount "41"]
[EventDate "2016.08.18"]
[EventType "swiss"]
[EventRounds "9"]
[EventCountry "CZE"]
[SourceTitle "CBM 174 Extra"]
[Source "ChessBase"]
[SourceDate "2016.10.10"]
[SourceVersion "1"]
[SourceVersionDate "2016.10.10"]
[SourceQuality "1"]

1. e4 c5 2. Nc3 Nc6 3. Bb5 d6 4. Bxc6+ bxc6 5. f4 Nf6 6. Nf3 Ba6 7. d3 e6 8. 0-0 Be7 9. Qe1 Qb6 10. Qg3 g6 11. Kh1 Rd8 12. Qh3 Bc8 13. e5 Nd5 14. Ne4 Nb4 15. exd6 Bxd6 16. Nf6+ Kf8 17. Qh6+ Ke7 18. Qh4 Kf8 19. f5 h5 20. fxg6 fxg6 21. Ne5 1-0

[Event "Brno Duras op"]
[Site "Brno"]
[Date "2016.06.28"]
[Round "4"]
[White "Danek, Daniel"]
[Black "Pokorny, Petr"]
[Result "1/2-1/2"]
[WhiteElo "2015"]
[BlackElo "2198"]
[PlyCount "68"]
[EventDate "2016.06.25"]
[EventType "swiss"]
[EventRounds "9"]
[EventCountry "CZE"]
[SourceTitle "CBM 173 Extra"]
[Source "ChessBase"]
[SourceDate "2016.08.29"]
[SourceVersion "1"]
[SourceVersionDate "2016.08.29"]
[SourceQuality "1"]

1. d4 d5 2. Nf3 c6 3. e3 Bg4 4. Nbd2 e6 5. Be2 f5 6. Ne5 Bxe2 7. Qxe2 Nf6 8. 0-0 Be7 9. b3 0-0 10. Bb2 Nbd7 11. f4 Nxe5 12. fxe5 Ng4 13. h3 Nh6 14. Nf3 g5 15. Nh2 Qe8 16. g4 Qg6 17. c4 fxg4 18. hxg4 Qe4 19. Bc3 Rac8 20. Rac1 Rxf1+ 21. Rxf1 c5 22. cxd5 exd5 23. Qf3 Qxf3 24. Rxf3 c4 25. b4 b5 26. a3 a5 27. e4 axb4 28. axb4 Rd8 29. exd5 Rxd5 30. Rf1 Nf7 31. Ra1 Nd8 32. Ra6 Kf7 33. Rh6 Kg7 34. Rb6 Kf7 1/2-1/2

[Event "CZE-chT U18 Extraliga final-B 1516"]
[Site "Czech Republic"]
[Date "2016.04.23"]
[Round "10.1"]
[White "Danek, Daniel"]
[Black "Liska, Jiri2222"]
[Result "0-1"]
[WhiteElo "1977"]
[BlackElo "2122"]
[PlyCount "86"]
[EventDate "2015.10.03"]
[EventType "team-tourn"]
[EventRounds "11"]
[EventCountry "CZE"]
[SourceTitle "EXT 2022"]
[Source "ChessBase"]
[SourceDate "2021.10.06"]
[SourceVersion "1"]
[SourceVersionDate "2021.10.06"]
[SourceQuality "1"]
[WhiteTeam "Brno Duras U18"]
[BlackTeam "Liberec Desko U18"]
[WhiteTeamCountry "CZE"]
[BlackTeamCountry "CZE"]

1. d4 Nf6 2. Nf3 g6 3. Bg5 Ne4 4. Bh4 Bg7 5. Nbd2 d5 6. c3 c5 7. e3 0-0 8. Nxe4 dxe4 9. Nd2 Bf5 10. Bc4 Nc6 11. 0-0 Qd7 12. h3 h5 13. Qe2 Rac8 14. Rad1 cxd4 15. exd4 Na5 16. Bb5 Qe6 17. Nb3 Nxb3 18. axb3 a6 19. Bc4 Qc6 20. g4 hxg4 21. hxg4 b5 22. gxf5 gxf5 23. Qh5 bxc4 24. Bxe7 Rfe8 25. d5 Qd7 26. d6 Rxe7 27. dxe7 Qxe7 28. Qxf5 Rc5 29. Rd5 Rxd5 30. Qxd5 Be5 31. Rd1 Qg5+ 32. Kf1 Qg4 33. Qd7 Qh5 34. Rd5 Qh1+ 35. Ke2 Qf3+ 36. Kd2 Qxf2+ 37. Kc1 cxb3 38. Qc8+ Kh7 39. Qh3+ Kg6 40. Qg4+ Kf6 41. Qd1 e3 42. Rxe5 Kxe5 43. Qd4+ Kf5 0-1

[Event "CZE-chT U20 Extraliga Ost 1415"]
[Site "Czech Republic"]
[Date "2014.10.11"]
[Round "2.2"]
[White "Danek, Daniel"]
[Black "Krajicek, Filip"]
[Result "1-0"]
[WhiteElo "1921"]
[BlackElo "1508"]
[PlyCount "93"]
[EventDate "2014.10.11"]
[EventType "team-tourn"]
[EventRounds "11"]
[EventCountry "CZE"]
[SourceTitle "EXT 2021"]
[Source "ChessBase"]
[SourceDate "2020.10.23"]
[SourceVersion "1"]
[SourceVersionDate "2020.10.23"]
[SourceQuality "1"]
[WhiteTeam "Brno Duras (U20)"]
[BlackTeam "Brno Lokomotiva (U20) II"]
[WhiteTeamCountry "CZE"]
[BlackTeamCountry "CZE"]

1. d4 Nf6 2. Nf3 g6 3. c4 Bg7 4. Nc3 0-0 5. Bg5 d6 6. e3 b6 7. Be2 Bb7 8. 0-0 Nbd7 9. Qc2 c5 10. Rad1 cxd4 11. exd4 Rc8 12. b3 a6 13. Qc1 Re8 14. Ne1 Qc7 15. f4 Ne4 16. Nxe4 Bxe4 17. Bf3 Qb7 18. Qe3 Bxf3 19. Nxf3 Nf6 20. Rfe1 b5 21. Nd2 Ng4 22. Qd3 Qa7 23. Nf3 bxc4 24. bxc4 f5 25. Qe2 e5 26. h3 Nh6 27. Kh1 e4 28. Bxh6 Bxh6 29. Ng5 Bxg5 30. fxg5 Qe7 31. h4 h6 32. c5 Rc6 33. Qc4+ Kh7 34. Qd5 Rec8 35. g4 dxc5 36. gxf5 e3 37. dxc5 Rxc5 38. fxg6+ Kxg6 39. h5+ Kxh5 40. Qf3+ Kg6 41. Rxe3 Re5 42. Rxe5 Qxe5 43. Qd3+ Kxg5 44. Rg1+ Kh4 45. Qf3 Qd4 46. Qg3+ Kh5 47. Qg6+ 1-0

[Event "Brno Duras op-A"]
[Site "Brno"]
[Date "2014.07.05"]
[Round "8"]
[White "Macko, Michal"]
[Black "Danek, Daniel"]
[Result "1-0"]
[WhiteElo "2185"]
[BlackElo "1905"]
[PlyCount "55"]
[EventDate "2014.06.28"]
[EventType "swiss"]
[EventRounds "9"]
[EventCountry "CZE"]
[SourceTitle "CBM 161 Extra"]
[Source "ChessBase"]
[SourceDate "2014.08.29"]
[SourceVersion "1"]
[SourceVersionDate "2014.08.29"]
[SourceQuality "1"]

1. d4 Nf6 2. c4 g6 3. Nc3 d5 4. Bg5 Ne4 5. Bh4 Nxc3 6. bxc3 Bg7 7. e3 c5 8. Nf3 Nc6 9. Rb1 0-0 10. Qd2 cxd4 11. cxd4 Bf5 12. Rb5 a6 13. Rxd5 Qb6 14. Be2 Qb1+ 15. Bd1 Bd3 16. a3 e6 17. Rd7 e5 18. d5 e4 19. dxc6 bxc6 20. Rxd3 Qxd3 21. Qxd3 exd3 22. Kd2 h6 23. Bg3 Rfd8 24. Ba4 Rac8 25. Rb1 Bf8 26. Rb3 f6 27. Nd4 c5 28. Ne6 1-0

[Event "Brno Duras op-A"]
[Site "Brno"]
[Date "2014.06.30"]
[Round "3"]
[White "Danek, Daniel"]
[Black "Glozar, Petr"]
[Result "1-0"]
[WhiteElo "1905"]
[BlackElo "1494"]
[PlyCount "79"]
[EventDate "2014.06.28"]
[EventType "swiss"]
[EventRounds "9"]
[EventCountry "CZE"]
[SourceTitle "CBM 161 Extra"]
[Source "ChessBase"]
[SourceDate "2014.08.29"]
[SourceVersion "1"]
[SourceVersionDate "2014.08.29"]
[SourceQuality "1"]

1. e4 c5 2. Nc3 g6 3. d4 Bg7 4. dxc5 Nc6 5. Nf3 Nf6 6. Be2 Qa5 7. 0-0 0-0 8. h3 Qxc5 9. Be3 Qa5 10. Qc1 Rd8 11. Nd2 d5 12. Nb3 Qc7 13. Bf4 e5 14. Bg5 dxe4 15. Nxe4 Nxe4 16. Bxd8 Qxd8 17. Qe3 Nf6 18. Rfd1 Qc7 19. c3 Be6 20. Bf3 Re8 21. Nc5 Bf5 22. g4 e4 23. Be2 Be6 24. Nxe6 Rxe6 25. Rd2 Rd6 26. Rad1 Rxd2 27. Rxd2 Qe7 28. b4 a6 29. a4 Qe5 30. b5 axb5 31. axb5 Ne7 32. c4 h6 33. Qa3 Qc7 34. Qd6 Qxd6 35. Rxd6 Kf8 36. Rd8+ Ne8 37. Rb8 Bf6 38. Rxb7 Kg7 39. c5 Nd5 40. Bc4 1-0

[Event "CZE-ch U14"]
[Site "Kouty nad Desnou"]
[Date "2014.03.13"]
[Round "7"]
[White "Liska, Jiri2222"]
[Black "Danek, Daniel"]
[Result "1/2-1/2"]
[WhiteElo "1911"]
[BlackElo "1827"]
[PlyCount "44"]
[EventDate "2014.03.08"]
[EventType "swiss"]
[EventRounds "9"]
[EventCountry "CZE"]
[SourceTitle "EXT 2015"]
[Source "ChessBase"]
[SourceDate "2014.11.20"]
[SourceVersion "1"]
[SourceVersionDate "2014.11.20"]
[SourceQuality "1"]

1. Nf3 Nf6 2. g3 g6 3. Bg2 Bg7 4. d4 d5 5. 0-0 0-0 6. c4 c6 7. Nc3 Ne4 8. cxd5 Nxc3 9. bxc3 cxd5 10. Bf4 Nc6 11. Rb1 b6 12. c4 Bf5 13. Rc1 Be4 14. Ne5 Bxe5 15. dxe5 Bxg2 16. Kxg2 d4 17. Qd3 Qd7 18. Qe4 Rfd8 19. Rfd1 Qe6 20. Kf3 Rac8 21. a3 h5 22. h4 Qg4+ 1/2-1/2

[Event "CZE-ch U14"]
[Site "Kouty nad Desnou"]
[Date "2014.03.12"]
[Round "6"]
[White "Danek, Daniel"]
[Black "Simet, Martin"]
[Result "1-0"]
[WhiteElo "1827"]
[BlackElo "1777"]
[PlyCount "115"]
[EventDate "2014.03.08"]
[EventType "swiss"]
[EventRounds "9"]
[EventCountry "CZE"]
[SourceTitle "EXT 2015"]
[Source "ChessBase"]
[SourceDate "2014.11.20"]
[SourceVersion "1"]
[SourceVersionDate "2014.11.20"]
[SourceQuality "1"]

1. e4 c5 2. Nc3 Nc6 3. Bb5 Nd4 4. Nf3 e6 5. Nxd4 cxd4 6. Ne2 a6 7. Ba4 Bc5 8. 0-0 Ne7 9. d3 0-0 10. c3 Nc6 11. Kh1 b5 12. Bb3 d5 13. Ng3 dxc3 14. bxc3 d4 15. c4 b4 16. f4 f5 17. e5 g6 18. Qe1 Qh4 19. Bd1 Bb7 20. Bf3 a5 21. Bd2 Rf7 22. Rb1 Qd8 23. a3 Qb6 24. axb4 Nxb4 25. Qd1 Bc6 26. Bxc6 Qxc6 27. Bxb4 axb4 28. Rf2 Rfa7 29. Rfb2 Ra2 30. Ne2 Qa4 31. Qxa4 R2xa4 32. Nc1 Rc8 33. Nb3 Bb6 34. h3 Ra7 35. Rc1 Ra3 36. c5 Ba7 37. Rc4 Kf7 38. Rxb4 Ke8 39. Rxd4 Bb8 40. Rc4 Kd7 41. d4 Kc6 42. Rb4 Bc7 43. Rb1 Kd5 44. Rb7 Ra6 45. Rb4 Ra3 46. Ra1 Rxa1+ 47. Nxa1 Ba5 48. Ra4 Bc3 49. Nc2 Rc7 50. Ra6 Ke4 51. Rxe6 Bxd4 52. Nxd4 Kxd4 53. c6 Kc5 54. Kh2 Kd4 55. Kg3 Kc5 56. Kh4 Rxc6 57. Rxc6+ Kxc6 58. Kg5 1-0

[Event "EU Union-ch U14"]
[Site "Malenovice"]
[Date "2013.09.05"]
[Round "9"]
[White "Balimezova, Margarita"]
[Black "Danek, Daniel"]
[Result "0-1"]
[WhiteElo "1628"]
[BlackElo "1842"]
[PlyCount "72"]
[EventDate "2013.08.28"]
[EventType "swiss"]
[EventRounds "9"]
[EventCountry "CZE"]
[SourceTitle "CBM 156 Extra"]
[Source "ChessBase"]
[SourceDate "2013.10.22"]
[SourceVersion "1"]
[SourceVersionDate "2013.10.22"]
[SourceQuality "1"]

1. d4 Nf6 2. Nf3 g6 3. Nbd2 Bg7 4. e4 d6 5. Bd3 0-0 6. 0-0 Nbd7 7. Re1 e5 8. c3 Nh5 9. Nb3 Nf4 10. Bxf4 exf4 11. h3 g5 12. Nbd2 Re8 13. Rc1 b6 14. Bb5 h6 15. Nh2 Bb7 16. Bc4 Re7 17. h4 Qe8 18. hxg5 hxg5 19. Qh5 d5 20. Bb3 dxe4 21. Qxg5 e3 22. fxe3 fxe3 23. Ndf3 Kf8 24. Ng4 f6 25. Qf4 Qh5 26. Qxc7 Ne5 27. Qxe7+ Kxe7 28. Ngxe5 fxe5 29. Nxe5 Rh8 30. Kf1 Qh1+ 31. Ke2 Qxg2+ 32. Kd3 Ba6+ 33. c4 Qd2+ 34. Ke4 Bxe5 35. Kxe5 Rh5+ 36. Ke4 Rh4+ 0-1

[Event "EU Union-ch U14"]
[Site "Malenovice"]
[Date "2013.09.02"]
[Round "6"]
[White "Bandyk, Sebastian"]
[Black "Danek, Daniel"]
[Result "1/2-1/2"]
[WhiteElo "1593"]
[BlackElo "1842"]
[PlyCount "118"]
[EventDate "2013.08.28"]
[EventType "swiss"]
[EventRounds "9"]
[EventCountry "CZE"]
[SourceTitle "CBM 156 Extra"]
[Source "ChessBase"]
[SourceDate "2013.10.22"]
[SourceVersion "1"]
[SourceVersionDate "2013.10.22"]
[SourceQuality "1"]

1. e4 c6 2. c4 d5 3. exd5 cxd5 4. cxd5 Nf6 5. Qa4+ Nbd7 6. Nc3 a6 7. Bc4 Rb8 8. Bb3 b5 9. Qh4 Bb7 10. Nf3 Nb6 11. 0-0 Nbxd5 12. Ne5 e6 13. Re1 Be7 14. Qg3 0-0 15. d4 Kh8 16. Bd2 Bd6 17. Qh4 Be7 18. Qg3 Rc8 19. Rac1 Qe8 20. Nxd5 Nxd5 21. Rxc8 Qxc8 22. Rc1 Qe8 23. Nd3 Qd8 24. Nc5 Bxc5 25. dxc5 Bc6 26. Qd6 Qa8 27. Bxd5 Bxd5 28. Ba5 Rc8 29. f3 Kg8 30. b3 f6 31. Kf2 Qb7 32. Ke3 Kf7 33. Bb6 Re8 34. Qc7+ Re7 35. Qxb7 Rxb7 36. b4 Ke7 37. a3 Bc6 38. Rd1 Rd7 39. Rxd7+ Kxd7 40. Kd3 e5 41. Ke3 Ke6 42. Bc7 f5 43. Bd6 g6 44. Bf8 Kd5 45. Kd3 Ke6 46. Ke3 f4+ 47. Kd3 Kf5 48. Ke2 h5 49. h4 g5 50. hxg5 Kxg5 51. Be7+ Kf5 52. Bh4 e4 53. fxe4+ Bxe4 54. Kf2 Kg4 55. Bf6 h4 56. Be5 Kf5 57. Bb2 Ke6 58. Bc1 Kf5 59. Bb2 Ke6 1/2-1/2

[Event "EU Union-ch U14"]
[Site "Malenovice"]
[Date "2013.08.30"]
[Round "3"]
[White "Danek, Daniel"]
[Black "Cimpean, Andra"]
[Result "1-0"]
[WhiteElo "1842"]
[BlackElo "1655"]
[PlyCount "89"]
[EventDate "2013.08.28"]
[EventType "swiss"]
[EventRounds "9"]
[EventCountry "CZE"]
[SourceTitle "CBM 156 Extra"]
[Source "ChessBase"]
[SourceDate "2013.10.22"]
[SourceVersion "1"]
[SourceVersionDate "2013.10.22"]
[SourceQuality "1"]

1. d4 d5 2. Nf3 Nf6 3. e3 Bf5 4. c4 c6 5. Nc3 e6 6. Nh4 Bg6 7. Qb3 Qb6 8. Nxg6 hxg6 9. Bd2 Be7 10. Bd3 Qc7 11. h3 Nbd7 12. cxd5 exd5 13. Rc1 Qb6 14. Qc2 0-0 15. Ke2 Rfe8 16. g4 Bd6 17. Rcg1 Qxd4 18. Kf1 Qb6 19. g5 Nh7 20. h4 Nhf8 21. Na4 Qc7 22. h5 gxh5 23. Rxh5 g6 24. Rh3 Be5 25. f4 Bg7 26. Rgh1 Qd6 27. Bc3 d4 28. Qh2 f6 29. Bxd4 Rxe3 30. Bc4+ Re6 31. Bxe6+ Qxe6 32. Qe2 Qxe2+ 33. Kxe2 f5 34. Bxg7 Kxg7 35. Re3 Kf7 36. Rd1 Nb6 37. Nxb6 axb6 38. a3 Ra4 39. Kf3 Rc4 40. Rd6 Rc1 41. Rf6+ Kg8 42. Re8 Kg7 43. Rexf8 Rf1+ 44. Kg2 Rxf4 45. R6f7# 1-0

[Event "EU Union-ch U14"]
[Site "Malenovice"]
[Date "2013.08.29"]
[Round "2"]
[White "Marek, Matyas"]
[Black "Danek, Daniel"]
[Result "1-0"]
[WhiteElo "2042"]
[BlackElo "1842"]
[PlyCount "71"]
[EventDate "2013.08.28"]
[EventType "swiss"]
[EventRounds "9"]
[EventCountry "CZE"]
[SourceTitle "CBM 156 Extra"]
[Source "ChessBase"]
[SourceDate "2013.10.22"]
[SourceVersion "1"]
[SourceVersionDate "2013.10.22"]
[SourceQuality "1"]

1. d4 Nf6 2. c4 g6 3. Nc3 d5 4. cxd5 Nxd5 5. e4 Nxc3 6. bxc3 Bg7 7. Bc4 c5 8. Ne2 0-0 9. 0-0 Nc6 10. Be3 Na5 11. Bd3 e5 12. dxe5 Qc7 13. Qe1 Bxe5 14. f4 Bg7 15. Qf2 b6 16. f5 Be5 17. Nf4 Bb7 18. Qh4 Qd8 19. Qh3 Bxc3 20. Rac1 Bd4 21. Bxd4 Qxd4+ 22. Kh1 Qe5 23. f6 h5 24. Qg3 Rfe8 25. Rce1 Bc8 26. Be2 Kh7 27. Bxh5 g5 28. Bxf7 Rf8 29. Bg6+ Kg8 30. Bf5 Qxf6 31. Nd5 Qd8 32. Qg4 Nc6 33. Be6+ Kg7 34. Rxf8 Kxf8 35. Rf1+ Kg7 36. Rf7+ 1-0

[Event "Brno Duras op-A"]
[Site "Brno"]
[Date "2013.06.27"]
[Round "6"]
[White "Pokorny, Petr"]
[Black "Danek, Daniel"]
[Result "1-0"]
[WhiteElo "2210"]
[BlackElo "1819"]
[PlyCount "81"]
[EventDate "2013.06.22"]
[EventType "swiss"]
[EventRounds "9"]
[EventCountry "CZE"]
[SourceTitle "CBM 155 Extra"]
[Source "ChessBase"]
[SourceDate "2013.08.26"]
[SourceVersion "1"]
[SourceVersionDate "2013.08.26"]
[SourceQuality "1"]

1. d4 Nf6 2. Nf3 g6 3. c4 Bg7 4. g3 d6 5. Bg2 0-0 6. 0-0 Nbd7 7. Nc3 c5 8. d5 Ng4 9. h3 Nge5 10. Nd2 Nb6 11. Qb3 g5 12. a4 a5 13. Nf3 g4 14. hxg4 Nexc4 15. g5 Ne5 16. Nxe5 Bxe5 17. Qc2 f5 18. gxf6 Bxf6 19. Ne4 Bf5 20. Nxf6+ Rxf6 21. e4 Bd7 22. b3 Rc8 23. Bb2 Rg6 24. Qc3 Kf7 25. Qxa5 Ra8 26. Qc3 Bg4 27. e5 dxe5 28. Qxc5 Qd7 29. a5 Rc8 30. Qe3 Nxd5 31. Qxe5 Nf6 32. Rac1 Rxc1 33. Rxc1 Be6 34. Qd4 Qb5 35. Qc3 Bxb3 36. Qc7 Be6 37. Ba3 Bd7 38. Bxb7 Qb3 39. Qc4+ Qxc4 40. Rxc4 Rg8 41. a6 1-0

[Event "CZE-ch U14"]
[Site "Kouty nad Desnou"]
[Date "2013.03.14"]
[Round "7"]
[White "Danek, Daniel"]
[Black "Anaskin, Arsenij"]
[Result "1/2-1/2"]
[WhiteElo "1806"]
[BlackElo "1893"]
[PlyCount "136"]
[EventDate "2013.03.09"]
[EventType "swiss"]
[EventRounds "9"]
[EventCountry "CZE"]
[SourceTitle "EXT 2015"]
[Source "ChessBase"]
[SourceDate "2014.11.20"]
[SourceVersion "1"]
[SourceVersionDate "2014.11.20"]
[SourceQuality "1"]

1. e4 e5 2. Nf3 Nc6 3. Bb5 a6 4. Ba4 Nf6 5. d3 b5 6. Bb3 Be7 7. a4 b4 8. a5 d6 9. Nbd2 0-0 10. 0-0 Rb8 11. Nc4 Bg4 12. Be3 h6 13. h3 Be6 14. Ba4 Bxc4 15. Bxc6 Bb5 16. Bxb5 Rxb5 17. Qd2 c5 18. c3 bxc3 19. bxc3 Rxa5 20. c4 Rxa1 21. Rxa1 Qb6 22. Qa2 Ra8 23. Bd2 Bd8 24. Rb1 Qc6 25. Ba5 Bc7 26. Nd2 Nd7 27. Nb3 Nb6 28. Ra1 Kf8 29. Bc3 Nd7 30. Na5 Bxa5 31. Qxa5 Ke7 32. f4 f6 33. f5 Ra7 34. Kf2 Qb6 35. Qxb6 Nxb6 36. Ke3 Kd7 37. Ba5 Kc6 38. Kd2 Nd7 39. Rb1 Ra8 40. Kc3 g6 41. fxg6 Rg8 42. g4 Rxg6 43. Rf1 Rg5 44. Kb3 h5 45. Bd2 Rg8 46. gxh5 Rg3 47. Kc2 Rxh3 48. h6 Rh2 49. Ra1 Kb6 50. Rb1+ Kc7 51. Ra1 Nb8 52. Rf1 Nd7 53. Ra1 Nb8 54. Rf1 Nc6 55. Rxf6 Nb4+ 56. Kc3 Rh3 57. Rf2 Rxd3+ 58. Kb2 Rh3 59. Rf7+ Kc6 60. h7 Nd3+ 61. Kc2 Nf4 62. Ba5 Ne6 63. Re7 Nd4+ 64. Kb1 Rh1+ 65. Kb2 Rh2+ 66. Kb1 Rh1+ 67. Kb2 Rh2+ 68. Kb1 Rh1+ 1/2-1/2